01050 2200409 4500001002100000005001500021035002000036007000300056008004100059020002200100082000800122084001400130100003000144245005500174250001500229300003500244500002200279700003200301700002200333700003300355600001500388264003100403336002100434337003000455338002300485990001200508990001200520990001200532990001200544990001200556990001200568990001200580990001200592990001200604990001200616990001200628INLIS00000000000029920231030094854 a0010-1023000080ta231030 0 ind  a978-623-257-368-0 a510 a510 YOG m0 aYogi AnggraenaePengarang1 aMatematika :bSMA/MA/SMK Kelas X /cYogi Anggraena aed 1 cet 1 aviii, 212 hlm :bilus ;c26 cm aKurikulum Merdeka0 aWikan Budi UtamiePengarang0 aMunadiePengarang0 aMasykur Ali, dkkePenyunting 4aMatematika aBogor :bYudhistira,c2022 2rdacontentateks 2rdamediaatanpa perantara 2rdacarrieravolume a22.0368 a22.0369 a22.0370 a22.0371 a22.0372 a22.0373 a22.0374 a22.0375 a22.0376 a22.0377 a22.0378